Govt. of
Madhya Pradesh

Power Knowledge Medicine (Record no. 42175)

MARC details
000 -LEADER
fixed length control field 004820000a22001690004500
003 - CONTROL NUMBER IDENTIFIER
control field MACL
005 - DATE AND TIME OF LATEST TRANSACTION
control field 20150819173904.0
008 - FIXED-LENGTH DATA ELEMENTS--GENERAL INFORMATION
fixed length control field 150819b xxu||||| |||| 00| 0 eng d
040 ## - CATALOGING SOURCE
Original cataloging agency MACL
Transcribing agency MACL
041 ## - LANGUAGE CODE
Language code of text/sound track or separate title English
082 ## - DEWEY DECIMAL CLASSIFICATION NUMBER
Classification number 610/BAN
100 ## - MAIN ENTRY--PERSONAL NAME
Personal name Banerjee, Madhulika
9 (RLIN) 6359
245 ## - TITLE STATEMENT
Title Power Knowledge Medicine
Remainder of title Ayurvedic Pharamceutical at home and in the World
260 ## - PUBLICATION, DISTRIBUTION, ETC. (IMPRINT)
Name of publisher, distributor, etc. Orient Blackswan
Date of publication, distribution, etc. 2009
Place of publication, distribution, etc. Hyderabad
650 ## - SUBJECT ADDED ENTRY--TOPICAL TERM
Topical term or geographic name as entry element Medical Science
9 (RLIN) 85
942 ## - ADDED ENTRY ELEMENTS (KOHA)
Koha item type Books
Call number prefix 610/BAN
Source of classification or shelving scheme
Holdings
Withdrawn status Lost status Source of classification or shelving scheme Damaged status Not for loan Home library Current library Date acquired Total Checkouts Full call number Barcode Date last seen Uniform Resource Identifier Price effective from Koha item type
          MACL MACL 15/04/2015   610/BAN CRE024505 02/05/2024 42446 15/04/2015 Books